Statistics for Philippines Heroes

Click here to take the quiz!

General Stats

  • This quiz has been taken 154 times
  • The average score is 9 of 16

Answer Stats

Philippines HeroesAnswer% Correct
The National Hero of the Philippines.Jose Rizal
100%
He Defend the City of Mactan Against Maggelan.Lapu-lapu
96%
First President of the Philippines.Emilio Aguinaldo
94%
He Fight Against Spanish and form the group KKK.Andres Bonifacio
90%
Greatest Filipino Painter.Juan Luna
74%
Filipino theoretician and spokesman of the Philippine Revolution and Wrote the Constitution for the short-lived republic of 1898–99.Apolinario Mabini
66%
The Greatest President of the Philippines.Ferdinand Marcos
64%
Brain of the Katipunan.Emilio Jacinto
54%
She largely contributed to the Katipunan and was nicknamed the Mother of the Katipunan.Melchora Aquino
54%
She led the bloody and perilous road to emancipation.Gabriela Silang
50%
Philippine Revolutionary Propagandist and Satirist.Marcelo Del Pilar
42%
Greatest General of the Revelotion.Antonio Luna
39%
The leader of the Ilokano Revolution.Diego Silang
33%
The 7th Sultan of Maguindanao from 1619 to 1671. During his reign, he successfully fought off Spanish invasions and halted the spread of Catholicism on the island of Mindanao, much like the other Muslim rulers in the southern Philippines.Muhammad Dipatuan Kudarat
16%
The three women who sewn the Philippines flag.Marcela Agoncillo, Lorenza and Delfina Herbosa de Natividad
4%
Editor of La soliralidad.Mariano Ponce
4%

Score Distribution

Percentile by Number Answered

Percent of People with Each Score

Your Score History

You have not taken this quiz